Logo BPK

Biblioteka

Politechniki Koszalińskiej

Język rosyjski dla początkujących / (Rekord nr 37522)

Szczegóły MARC
000 -ETYKIETA REKORDU
podpole kontrolne o stałej długości 00820nam a2200277 i 4500
001 - NUMER KONTROLNY REKORDU
pole kontrolne bg
020 ## - MIĘDZYNARODOWY ZNORMALIZOWANY NUMER KSIĄŻKI - ISBN
ISBN 8308029795
020 ## - MIĘDZYNARODOWY ZNORMALIZOWANY NUMER KSIĄŻKI - ISBN
ISBN 8308027458 (seria)
040 ## - ŹRÓDŁO KATALOGOWANIA
Instytucja, która utworzyła rekord BPK
041 1# - KOD JĘZYKA
Kod języka tekstu rupl
Kod języka oryginału en
080 ## - UNIWERSALNA KLASYFIKACJA DZIESIĘTNA - UKD
UKD 811.161.1(07)
920 ## - Międzynarodowy znormalizowany numer książki – ISBN
ISBN 83-08-02979-5
920 ## - Międzynarodowy znormalizowany numer książki – ISBN
ISBN 83-08-02745-8 (seria)
008 - POLE O STAŁEJ DŁUGOŚCI - DANE KONTROLNE
podpole kontrolne o stałej długości s pl f |000 0 pol
100 1# - NAZWA OSOBOWA
Nazwa osobowa FARMER, Rachel
245 10 - TYTUŁ/ODPOWIEDZIALNOŚĆ
Tytuł Język rosyjski dla początkujących /
Pozostałe elementy strefy tytułu i oznaczenia odpowiedzialności Rachel Farmer ; przekł. i adapt. Barbara Henzel, Janusz Henzel.
246 ## - WARIANT TYTUŁU
Treść wyrażenia wprowadzającego Tyt. oryg.:
Tytuł Beginner's Russian
260 ## - STREFA ADRESU WYDAWNICZEGO
Miejsce wydania Kraków :
Nazwa wydawcy/dystrybutora Wydaw. Literackie,
Data publikacji, dystrybucji/powstania dokumentu 1999.
300 ## - STREFA OPISU FIZYCZNEGO
Objętość 287, [5] s. :
Inne cechy fizyczne rys. ;
Rozmiary 20 cm.
490 1# - STREFA SERII I DOKUMENTU WIELOCZĘŚCIOWEGO - FORMA NIE DO WYSZUKIWANIA
Tytuł i oznaczenie odpowiedzialności serii Ucz się Sam
500 ## - UWAGI OGÓLNE
Tekst uwagi Tyt. oryg.: "Beginner's Russian" 1996.
650 #9 - HASŁO PRZEDMIOTOWE W FORMIE NAZWY OGÓLNEJ LUB JEDNOSTKOWEJ
Nazwa ogólna lub geograficzna Język rosyjski
655 ## - TERMIN INDEKSOWY - OKREŚLENIE RODZAJU/FORMY DOKUMENTU
Określenie rodzaju/formy dokumentu Podręczniki
830 ## - HASŁO DODATKOWE SERII LUB DOKUMENTU WIELOCZĘŚCIOWEGO - TYTUŁ UJEDNOLICONY
Tytuł ujednolicony Ucz się Sam
942 ## - DODATKOWE ELEMENTY (KOHA)
Typ dokumentu Książka
Egzemplarze
Wycofany Status egzemplarza Uszkodzony Dostępność Lokalizacja stała Lokalizacja bieżąca Miejsce przechowywania Sygnatura Kod kreskowy Ostatnio wypożyczono Typ dokumentu Numer ubytku
      Dostępny Biblioteka Politechniki Koszalińskiej Biblioteka Politechniki Koszalińskiej Wypożyczalnia BG 53851 09104594 03.06.2016 Książka  
  Egz. niedostępny   Niedostępny Biblioteka Politechniki Koszalińskiej Biblioteka Politechniki Koszalińskiej   53852 01492958   Książka 10934
© 2023 Biblioteka Politechniki Koszalińskiej :: KOHA